000
00344pam a2200157a 44500
008
230515b2005 xxu||||| |||| 00| 0 eng d
020
_a
NULL
041
_a
ENG
082
_a
NULL
100
_a
RAMAMRUTHAM S & NARAYAN R
245
_a
THEORY OF STRUCTURES
250
_a
8
260
_a
NULL
_b
NULL
_c
2005
300
_a
1428
650
_a
NULL
999
_c
477314
_d
477314